| 000 | 00463nam a2200169 a 4500 | ||
|---|---|---|---|
| 005 | 20140412111432.0 | ||
| 008 | 131010s19uu xx 00 eng d | ||
| 020 | _a9780545227131 | ||
| 050 |
_aM 582.1 _bBa225 2009 |
||
| 100 | _aBang, Molly | ||
| 245 | _aLiving sunlight, how plants bring the earth to life. | ||
| 260 |
_aNew York : _bScholastic, Inc, _cc2009. |
||
| 300 | _ap30 | ||
| 650 |
_aPlants- _xsunlight |
||
| 700 | _aPenny Chesholm | ||
| 999 |
_c106397 _d106397 |
||